000 00442nam a2200193Ia 4500
005 20250603145016.0
008 250603s9999 xx 000 0 und d
020 _a0-07-302721-0
050 _aHG 4521 .C66/
100 _aBradford D. Jordan
245 0 _aFundamentals Of Investment
250 _aFourth Edition
260 _aBoston
260 _bMcGraw-Hill
260 _c2008
300 _a708 p
650 _aBoston
942 _cBK
999 _c40600
_d40600